000 00763nam a2200181Ia 4500
008 151018s9999 xx 000 0 und d
082 _bRBASDV44597
_a340
100 _aअरुणकुमार मुखेडकर
245 _aमहाराष्ट्रातील जमीनविषय कायदे
250 _b2
260 _bनाशिक लॉ हाऊस
_c2007
300 _a832
600 _aअरुणकुमार मुखेडकर
630 _aमहाराष्ट्रातील जमीनविषय कायदे
700 _aअरुणकुमार मुखेडकर
730 _aमहाराष्ट्रातील जमीनविषय कायदे
942 _cBOOK
999 _c1043794
_d1043791